Antonio Gramsci : vida de un revolucionario /

Gespeichert in:
Bibliographische Detailangaben
1. Verfasser: Fiori, Giuseppe (autor)
Weitere Verfasser: Solé Tura, Jordi (traducción) (traducción)
Format: Buch
Sprache:Spanisch
Veröffentlicht: Madrid, España : Capitán Swing, copyright fecha no identificada
Schlagworte:
Tags: Tag hinzufügen
Keine Tags, Fügen Sie das erste Tag hinzu!

MARC

LEADER 00000nam^a2200000^a^4500
001 000585729
005 20250521000000.0
009 20260310132736.725
037 |a Acervo Xavier Clavigero 
041 |a ESP 
082 |a 146. 3223  |b GRA EST FIO 
100 |a Fiori, Giuseppe  |e (autor) 
240 1 1 |a [Vida de Antonio Gramsci] 
240 1 1 |a [Antonio Gramsci: vida de un revolucionario] 
245 1 0 |a Antonio Gramsci :  |b vida de un revolucionario /  |c G. Fiori ; tr. por J. Solé Tura. 
264 4 |a Madrid, España :  |b Capitán Swing,  |c copyright fecha no identificada 
300 |a 384 p. 
336 |a texto  |b txt  |2 rdacontenido 
337 |a sin mediación  |b n  |2 rdamedio 
338 |a volumen  |b nc  |2 rdasoporte 
500 |a Traducción de: Vita di Antonio Gramsci 
521 |a Peticiones 2024 
545 0 |a Antonio Gramsci (1891-1937), teórico marxista y político italiano. Fundador del diario L'Ordine Nuovo. En 1924 ocupa el cargo de secretario general del Partido Comunista Italiano. Es detenido en 1926 y condenado a veinte años de prisión. Excarcelado sólo para ser internado en una clínica de Roma, donde murió. Durante su reclusión escribió diferentes ensayos que fueron agrupados bajo el título Cuadernos de la cárcel. Sus líneas de investigación giraron en torno al papel de los intelectuales, de la cultura popular, del aparato de estado y la hegemonía, y la función transformadora de la filosofía de la praxis. La presente obra reúne cinco de sus escritos que abordan la literatura popular y la lengua italiana. 
649 |a XX 
650 |a Revolucionarios Italianos -  |x Biografías 
650 |a Filósofos Italianos -  |x Biografías 
650 |a Materialismo Histórico y Dialéctico -  |x Historia y Crítica 
650 |a Filosofía de la Praxis -  |x Historia y Crítica -  |x Tema Principal 
650 |a Marxismo -  |x Historia y Crítica 
650 |a Filosofía del Siglo XX -  |x Historia y Crítica 
650 |a Filosofía Italiana -  |x Historia y Crítica 
650 |a Gramsci, Antonio -  |x Tema Principal 
700 |a Solé Tura, Jordi  |e (traducción) 
910 |a Fondo General 
920 |a Impresos - Libros 
930 |a Colección General 
905 |a 101 
901 |a 0500408757  |b IT1  |c ACC  |i C186223  |u 20250521 
902 |a https://opac.biblio.iteso.mx/vufind/Record/000585729